000 00420cam a22001217a 4500
008 180718b1953 xxu||||| |||| 00| 0 eng d
082 _aA81x54 In2/51/6/PT2
100 _aCensus of India 1951
245 _aWest Bengal, Sikkim and Chandernagore: tables
260 _aDelhi
_bThe Manager of Publications
_c1953
300 _a535+p.
440 _aCensus of India 1951. Volume VI, West Bengal, Sikkim and Chandernagore. Part II
999 _c483601
_d483601